| 000 | 00678nam a22002177a 4500 | ||
|---|---|---|---|
| 001 | sjds | ||
| 003 | sjds | ||
| 005 | 20251114133301.0 | ||
| 008 | 251114b |||||||| |||| 00| 0 spa d | ||
| 040 | _csjds | ||
| 041 | _aspa | ||
| 041 | _aeng | ||
| 110 | _aGideons International | ||
| 245 |
_a El Nuevo Testamento de nuestro Senor Jesucristo = : _bThe New Testament of our Lord and Saviour Jesus Christ / _cThe Gideons International |
||
| 246 | _aThe New Testament of our Lord and Saviour Jesus Christ | ||
| 246 |
_aNuevo Testamento: _bespanol e ingles |
||
| 260 |
_a[s.l] : _bGideons International, _c1967 |
||
| 300 |
_a728 p. ; _c 20 cm. |
||
| 650 | _aBible | ||
| 942 | _cBK | ||
| 999 |
_c31154 _d31152 |
||